[Event "DVM U14 2022"]
[Site "Kelheim GER"]
[Date "2022.12.27"]
[Round "2"]
[White "Rempel, Alexander"]
[Black "Patzschke, Carlo"]
[Result "1/2-1/2"]
[Termination "normal"]
[Board "3.2"]
[WhiteElo "1393"]
[BlackElo "1600"]
[WhiteClock "00:48:33"]
[BlackClock "00:18:58"]
[WhiteTeam "Schachfreunde Augsburg"]
[BlackTeam "USV Halle"]
[PlyCount "73"]
[WhiteFideId "34618600"]
[BlackFideId "34617973"]
[EventCountry "GER"]
[EventRounds "7"]
[EventType "team-swiss"]
[EventDate "2022.12.26"]

1. e4 {[%clk 01:30:58]} {[%emt 00:00:03]} c5 {[%clk 01:30:55]} {[%emt
00:00:05]} 2. Nf3 {[%clk 01:31:24]} {[%emt 00:00:04]} d6 {[%clk 01:31:21]}
{[%emt 00:00:04]} 3. d4 {[%clk 01:31:47]} {[%emt 00:00:07]} cxd4 {[%clk
01:31:46]} {[%emt 00:00:05]} 4. Nxd4 {[%clk 01:32:12]} {[%emt 00:00:06]} Nf6
{[%clk 01:32:07]} {[%emt 00:00:08]} 5. Nc3 {[%clk 01:32:32]} {[%emt 00:00:10]}
a6 {[%clk 01:32:31]} {[%emt 00:00:05]} 6. a4 {[%clk 01:31:04]} {[%emt
00:01:58]} e5 {[%clk 01:32:47]} {[%emt 00:00:14]} 7. Nf3 {[%clk 01:31:29]}
{[%emt 00:00:05]} Be7 {[%clk 01:33:06]} {[%emt 00:00:12]} 8. Bc4 {[%clk
01:31:41]} {[%emt 00:00:17]} Be6 {[%clk 01:32:54]} {[%emt 00:00:42]} 9. Qe2
{[%clk 01:31:11]} {[%emt 00:01:00]} Bxc4 {[%clk 01:27:09]} {[%emt 00:06:15]}
10. Qxc4 {[%clk 01:31:34]} {[%emt 00:00:07]} Nbd7 {[%clk 01:27:30]} {[%emt
00:00:10]} 11. O-O {[%clk 01:26:11]} {[%emt 00:05:53]} Rc8 {[%clk 01:26:29]}
{[%emt 00:01:31]} 12. Qe2 {[%clk 01:25:55]} {[%emt 00:00:46]} O-O {[%clk
01:26:04]} {[%emt 00:00:54]} 13. Rd1 {[%clk 01:24:13]} {[%emt 00:02:12]} Qc7
{[%clk 01:25:35]} {[%emt 00:01:00]} 14. Bg5 {[%clk 01:19:30]} {[%emt 00:05:13]}
Rfe8 {[%clk 01:19:00]} {[%emt 00:07:05]} 15. Rd2 {[%clk 01:18:45]} {[%emt
00:01:15]} Nb6 {[%clk 01:16:24]} {[%emt 00:03:06]} 16. Bxf6 {[%clk 01:06:38]}
{[%emt 00:12:37]} Bxf6 {[%clk 01:16:11]} {[%emt 00:00:43]} 17. Rb1 {[%clk
01:03:16]} {[%emt 00:03:52]} Qc6 {[%clk 01:02:47]} {[%emt 00:13:53]} 18. a5
{[%clk 00:59:26]} {[%emt 00:04:21]} Nc4 {[%clk 01:02:29]} {[%emt 00:00:48]} 19.
Rd5 {[%clk 00:59:38]} {[%emt 00:00:18]} Nxb2 {[%clk 00:57:33]} {[%emt
00:05:26]} 20. Nb5 {[%clk 00:52:31]} {[%emt 00:07:37]} Qc4 {[%clk 00:46:35]}
{[%emt 00:11:27]} 21. Qxc4 {[%clk 00:47:03]} {[%emt 00:05:58]} Nxc4 {[%clk
00:46:56]} {[%emt 00:00:09]} 22. Nxd6 {[%clk 00:47:22]} {[%emt 00:00:11]} Nxd6
{[%clk 00:47:19]} {[%emt 00:00:08]} 23. Rxd6 {[%clk 00:47:45]} {[%emt
00:00:06]} Rxc2 {[%clk 00:47:35]} {[%emt 00:00:15]} 24. Kf1 {[%clk 00:47:45]}
{[%emt 00:00:30]} Rc7 {[%clk 00:37:45]} {[%emt 00:10:19]} 25. Rdb6 {[%clk
00:47:38]} {[%emt 00:00:37]} Rc5 {[%clk 00:35:10]} {[%emt 00:03:05]} 26. Rxb7
{[%clk 00:47:30]} {[%emt 00:00:39]} Rxa5 {[%clk 00:35:30]} {[%emt 00:00:10]}
27. Ra7 {[%clk 00:47:52]} {[%emt 00:00:08]} Be7 {[%clk 00:33:35]} {[%emt
00:02:25]} 28. Rb6 {[%clk 00:46:14]} {[%emt 00:02:07]} Ra1 {[%clk 00:29:09]}
{[%emt 00:04:57]} 29. Ne1 {[%clk 00:46:23]} {[%emt 00:00:20]} f6 {[%clk
00:18:51]} {[%emt 00:10:49]} 30. Rbxa6 {[%clk 00:46:38]} {[%emt 00:00:15]} Rxa6
{[%clk 00:18:32]} {[%emt 00:00:48]} 31. Rxa6 {[%clk 00:47:01]} {[%emt
00:00:07]} Kf7 {[%clk 00:18:50]} {[%emt 00:00:12]} 32. g3 {[%clk 00:47:14]}
{[%emt 00:00:17]} Bb4 {[%clk 00:18:35]} {[%emt 00:00:45]} 33. Ke2 {[%clk
00:47:20]} {[%emt 00:00:23]} Bxe1 {[%clk 00:18:20]} {[%emt 00:00:46]} 34. Kxe1
{[%clk 00:47:45]} {[%emt 00:00:06]} Rb8 {[%clk 00:18:21]} {[%emt 00:00:29]} 35.
Ra7 {[%clk 00:48:08]} {[%emt 00:00:07]} Kg6 {[%clk 00:18:45]} {[%emt 00:00:05]}
36. Ke2 {[%clk 00:48:14]} {[%emt 00:00:25]} Rb3 {[%clk 00:18:58]} {[%emt
00:00:17]} 37. Rd7 {[%clk 00:48:33]} {[%emt 00:00:10]} 1/2-1/2

[Event "DVM U14 2022"]
[Site "Kelheim GER"]
[Date "2022.12.27"]
[Round "2"]
[White "Lischka, Marten"]
[Black "Yetim, Orhan"]
[Result "1-0"]
[Termination "normal"]
[Board "3.3"]
[WhiteElo "1598"]
[BlackElo "1404"]
[WhiteClock "00:39:21"]
[BlackClock "00:59:37"]
[WhiteTeam "USV Halle"]
[BlackTeam "Schachfreunde Augsburg"]
[PlyCount "73"]
[WhiteFideId "34603328"]
[BlackFideId "34640371"]
[EventCountry "GER"]
[EventRounds "7"]
[EventType "team-swiss"]
[EventDate "2022.12.26"]

1. e4 {[%clk 01:30:58]} {[%emt 00:00:01]} e5 {[%clk 01:30:49]} {[%emt
00:00:12]} 2. Nf3 {[%clk 01:31:24]} {[%emt 00:00:03]} Nc6 {[%clk 01:31:06]}
{[%emt 00:00:13]} 3. Bc4 {[%clk 01:31:49]} {[%emt 00:00:05]} Nf6 {[%clk
01:30:58]} {[%emt 00:00:38]} 4. d3 {[%clk 01:31:50]} {[%emt 00:00:30]} Be7
{[%clk 01:30:48]} {[%emt 00:00:39]} 5. c3 {[%clk 01:32:05]} {[%emt 00:00:15]}
O-O {[%clk 01:29:55]} {[%emt 00:00:41]} 6. Bb3 {[%clk 01:32:16]} {[%emt
00:01:02]} d5 {[%clk 01:30:01]} {[%emt 00:00:23]} 7. exd5 {[%clk 01:28:14]}
{[%emt 00:04:32]} Nxd5 {[%clk 01:30:00]} {[%emt 00:00:30]} 8. O-O {[%clk
01:28:29]} {[%emt 00:00:16]} Bg4 {[%clk 01:29:42]} {[%emt 00:00:47]} 9. Re1
{[%clk 01:27:44]} {[%emt 00:01:16]} Qd6 {[%clk 01:28:55]} {[%emt 00:01:17]} 10.
Bc2 {[%clk 01:25:35]} {[%emt 00:02:39]} f6 {[%clk 01:27:07]} {[%emt 00:02:18]}
11. Nbd2 {[%clk 01:25:29]} {[%emt 00:00:36]} Rad8 {[%clk 01:27:16]} {[%emt
00:00:21]} 12. Ne4 {[%clk 01:25:30]} {[%emt 00:00:29]} Qd7 {[%clk 01:27:12]}
{[%emt 00:00:34]} 13. Qe2 {[%clk 01:19:07]} {[%emt 00:06:53]} f5 {[%clk
01:27:19]} {[%emt 00:00:23]} 14. Ng3 {[%clk 01:19:16]} {[%emt 00:00:22]} f4
{[%clk 01:26:14]} {[%emt 00:01:36]} 15. Ne4 {[%clk 01:16:26]} {[%emt 00:03:20]}
Nf6 {[%clk 01:25:58]} {[%emt 00:00:45]} 16. b4 {[%clk 01:10:13]} {[%emt
00:06:43]} Nxe4 {[%clk 01:24:28]} {[%emt 00:01:59]} 17. Qxe4 {[%clk 01:09:48]}
{[%emt 00:00:56]} Bf5 {[%clk 01:23:50]} {[%emt 00:01:08]} 18. Nxe5 {[%clk
01:09:01]} {[%emt 00:01:17]} Nxe5 {[%clk 01:23:09]} {[%emt 00:01:10]} 19. Qxe5
{[%clk 01:09:18]} {[%emt 00:00:14]} Bd6 {[%clk 01:23:29]} {[%emt 00:00:10]} 20.
Qd5 {[%clk 01:08:21]} {[%emt 00:01:27]} Kh8 {[%clk 01:23:26]} {[%emt 00:00:33]}
21. Qxb7 {[%clk 01:07:35]} {[%emt 00:01:16]} Bg4 {[%clk 01:21:52]} {[%emt
00:02:04]} 22. f3 {[%clk 01:05:59]} {[%emt 00:02:07]} Rb8 {[%clk 01:19:36]}
{[%emt 00:02:46]} 23. Qxa7 {[%clk 01:05:14]} {[%emt 00:01:15]} Bh5 {[%clk
01:17:23]} {[%emt 00:02:42]} 24. d4 {[%clk 01:01:50]} {[%emt 00:03:54]} Rfe8
{[%clk 01:14:44]} {[%emt 00:03:09]} 25. Bd2 {[%clk 01:01:46]} {[%emt 00:00:34]}
Bxf3 {[%clk 01:13:22]} {[%emt 00:01:49]} 26. gxf3 {[%clk 01:00:18]} {[%emt
00:02:01]} Qh3 {[%clk 01:13:44]} {[%emt 00:00:08]} 27. Rf1 {[%clk 00:56:56]}
{[%emt 00:03:53]} Rbd8 {[%clk 01:13:00]} {[%emt 00:01:14]} 28. Bd3 {[%clk
00:53:18]} {[%emt 00:04:08]} g5 {[%clk 01:12:11]} {[%emt 00:01:19]} 29. d5
{[%clk 00:52:55]} {[%emt 00:00:53]} g4 {[%clk 01:11:31]} {[%emt 00:01:08]} 30.
Qf2 {[%clk 00:52:28]} {[%emt 00:00:57]} gxf3 {[%clk 01:10:21]} {[%emt
00:01:40]} 31. Qxf3 {[%clk 00:52:37]} {[%emt 00:00:22]} Rg8 {[%clk 01:10:00]}
{[%emt 00:00:51]} 32. Kh1 {[%clk 00:52:57]} {[%emt 00:00:09]} Rg3 {[%clk
01:09:15]} {[%emt 00:01:16]} 33. Qe4 {[%clk 00:42:22]} {[%emt 00:11:05]} Rxd3
{[%clk 01:02:32]} {[%emt 00:07:11]} 34. Bxf4 {[%clk 00:41:50]} {[%emt
00:01:03]} Rf8 {[%clk 01:01:53]} {[%emt 00:01:09]} 35. Be5 {[%clk 00:41:07]}
{[%emt 00:01:14]} Bxe5 {[%clk 00:59:27]} {[%emt 00:02:56]} 36. Qxe5 {[%clk
00:39:13]} {[%emt 00:02:24]} Kg8 {[%clk 00:59:37]} {[%emt 00:00:20]} 37. Qg5
{[%clk 00:39:21]} {[%emt 00:00:22]} 1-0

[Event "DVM U14 2022"]
[Site "Kelheim GER"]
[Date "2022.12.27"]
[Round "2"]
[White "Wachtel, Alexandra"]
[Black "Haase, Alexander"]
[Result "1/2-1/2"]
[Termination "normal"]
[Board "3.4"]
[WhiteElo "1147"]
[BlackElo "1432"]
[WhiteClock "00:10:30"]
[BlackClock "00:12:05"]
[WhiteTeam "Schachfreunde Augsburg"]
[BlackTeam "USV Halle"]
[PlyCount "72"]
[WhiteFideId "34620427"]
[BlackFideId "34606602"]
[EventCountry "GER"]
[EventRounds "7"]
[EventType "team-swiss"]
[EventDate "2022.12.26"]

1. e4 {[%clk 01:30:57]} {[%emt 00:00:02]} c6 {[%clk 01:30:53]} {[%emt
00:00:08]} 2. Nc3 {[%clk 01:30:24]} {[%emt 00:01:02]} d5 {[%clk 01:31:13]}
{[%emt 00:00:11]} 3. d3 {[%clk 01:29:14]} {[%emt 00:01:40]} e5 {[%clk
01:28:58]} {[%emt 00:02:45]} 4. f4 {[%clk 01:23:15]} {[%emt 00:06:29]} exf4
{[%clk 01:27:42]} {[%emt 00:01:46]} 5. Bxf4 {[%clk 01:23:14]} {[%emt 00:00:31]}
d4 {[%clk 01:25:53]} {[%emt 00:02:20]} 6. Nce2 {[%clk 01:22:20]} {[%emt
00:01:23]} c5 {[%clk 01:24:19]} {[%emt 00:02:03]} 7. c4 {[%clk 01:18:02]}
{[%emt 00:04:48]} Nc6 {[%clk 01:21:03]} {[%emt 00:03:47]} 8. Bg3 {[%clk
01:16:45]} {[%emt 00:01:47]} Qa5 {[%clk 01:16:31]} {[%emt 00:05:02]} 9. Qd2
{[%clk 01:13:41]} {[%emt 00:03:34]} Nb4 {[%clk 01:14:19]} {[%emt 00:02:42]} 10.
Kd1 {[%clk 01:13:00]} {[%emt 00:01:11]} Nf6 {[%clk 01:10:45]} {[%emt 00:04:05]}
11. a3 {[%clk 01:12:12]} {[%emt 00:01:17]} Ng4 {[%clk 01:03:21]} {[%emt
00:07:54]} 12. Kc1 {[%clk 01:02:49]} {[%emt 00:09:50]} Ne3 {[%clk 00:53:31]}
{[%emt 00:10:23]} 13. Nf3 {[%clk 00:57:17]} {[%emt 00:06:02]} Qa4 {[%clk
00:51:57]} {[%emt 00:02:04]} 14. Nf4 {[%clk 00:49:54]} {[%emt 00:07:54]} Nbc2
{[%clk 00:49:44]} {[%emt 00:02:42]} 15. Rb1 {[%clk 00:47:45]} {[%emt 00:02:38]}
Bd6 {[%clk 00:46:37]} {[%emt 00:03:38]} 16. Nd5 {[%clk 00:47:12]} {[%emt
00:01:04]} Bxg3 {[%clk 00:45:00]} {[%emt 00:02:07]} 17. hxg3 {[%clk 00:47:14]}
{[%emt 00:00:27]} Qc6 {[%clk 00:39:39]} {[%emt 00:05:51]} 18. Ne1 {[%clk
00:42:35]} {[%emt 00:05:08]} Nxf1 {[%clk 00:35:26]} {[%emt 00:04:42]} 19. Rxf1
{[%clk 00:42:23]} {[%emt 00:00:43]} Nxe1 {[%clk 00:35:40]} {[%emt 00:00:16]}
20. Qxe1 {[%clk 00:42:10]} {[%emt 00:00:43]} Be6 {[%clk 00:29:48]} {[%emt
00:06:23]} 21. b3 {[%clk 00:41:03]} {[%emt 00:01:37]} Kd7 {[%clk 00:27:43]}
{[%emt 00:02:35]} 22. b4 {[%clk 00:39:18]} {[%emt 00:02:15]} Qa4 {[%clk
00:25:58]} {[%emt 00:02:15]} 23. Kb2 {[%clk 00:37:14]} {[%emt 00:02:32]} b6
{[%clk 00:25:51]} {[%emt 00:00:39]} 24. Rf2 {[%clk 00:33:10]} {[%emt 00:04:33]}
f6 {[%clk 00:25:39]} {[%emt 00:00:43]} 25. Qd1 {[%clk 00:31:19]} {[%emt
00:02:19]} Qa6 {[%clk 00:24:13]} {[%emt 00:01:57]} 26. Qb3 {[%clk 00:29:06]}
{[%emt 00:02:42]} Rab8 {[%clk 00:23:07]} {[%emt 00:01:38]} 27. Kc1 {[%clk
00:27:46]} {[%emt 00:01:48]} b5 {[%clk 00:20:43]} {[%emt 00:02:56]} 28. Rfb2
{[%clk 00:22:01]} {[%emt 00:06:13]} Qd6 {[%clk 00:16:01]} {[%emt 00:05:15]} 29.
a4 {[%clk 00:13:05]} {[%emt 00:09:25]} Bxd5 {[%clk 00:13:37]} {[%emt 00:02:54]}
30. cxd5 {[%clk 00:12:52]} {[%emt 00:00:42]} Qxg3 {[%clk 00:11:28]} {[%emt
00:02:40]} 31. bxc5 {[%clk 00:11:20]} {[%emt 00:02:01]} Qe1 {[%clk 00:11:07]}
{[%emt 00:00:51]} 32. Qd1 {[%clk 00:11:24]} {[%emt 00:00:25]} Qc3 {[%clk
00:11:10]} {[%emt 00:00:28]} 33. Qc2 {[%clk 00:10:16]} {[%emt 00:01:39]} Qe1
{[%clk 00:11:30]} {[%emt 00:00:10]} 34. Qd1 {[%clk 00:10:33]} {[%emt 00:00:12]}
Qc3 {[%clk 00:11:49]} {[%emt 00:00:12]} 35. Rc2 {[%clk 00:10:42]} {[%emt
00:00:20]} Qa3 {[%clk 00:12:03]} {[%emt 00:00:16]} 36. Rcb2 {[%clk 00:10:30]}
{[%emt 00:00:42]} Qc3 {[%clk 00:12:05]} {[%emt 00:00:28]} 1/2-1/2

[Event "DVM U14 2022"]
[Site "Kelheim GER"]
[Date "2022.12.27"]
[Round "2"]
[White "Fruth, David"]
[Black "Moldovan, Tatiana"]
[Result "1-0"]
[Termination "normal"]
[Board "4.1"]
[WhiteElo "1976"]
[BlackElo "1435"]
[WhiteClock "00:44:18"]
[BlackClock "00:26:35"]
[WhiteTeam "USV TU Dresden"]
[BlackTeam "SG Königskinder Hohentübingen e.V."]
[PlyCount "71"]
[WhiteFideId "16257596"]
[BlackFideId "16287398"]
[EventCountry "GER"]
[EventRounds "7"]
[EventType "team-swiss"]
[EventDate "2022.12.26"]

1. e4 {[%clk 01:30:58]} {[%emt 00:00:02]} c5 {[%clk 01:30:26]} {[%emt
00:00:34]} 2. Nf3 {[%clk 01:31:24]} {[%emt 00:00:06]} a6 {[%clk 01:30:49]}
{[%emt 00:00:06]} 3. c3 {[%clk 01:31:51]} {[%emt 00:00:02]} d5 {[%clk
01:30:42]} {[%emt 00:00:38]} 4. exd5 {[%clk 01:32:18]} {[%emt 00:00:02]} Qxd5
{[%clk 01:30:58]} {[%emt 00:00:14]} 5. d4 {[%clk 01:32:39]} {[%emt 00:00:09]}
e6 {[%clk 01:31:22]} {[%emt 00:00:06]} 6. Be2 {[%clk 01:33:06]} {[%emt
00:00:04]} Nf6 {[%clk 01:31:40]} {[%emt 00:00:12]} 7. O-O {[%clk 01:33:30]}
{[%emt 00:00:05]} Nc6 {[%clk 01:31:59]} {[%emt 00:00:11]} 8. Na3 {[%clk
01:27:23]} {[%emt 00:06:37]} cxd4 {[%clk 01:29:33]} {[%emt 00:02:56]} 9. Nxd4
{[%clk 01:17:59]} {[%emt 00:09:54]} Nxd4 {[%clk 01:27:00]} {[%emt 00:03:04]}
10. cxd4 {[%clk 01:18:14]} {[%emt 00:00:15]} Be7 {[%clk 01:26:08]} {[%emt
00:01:22]} 11. Bf3 {[%clk 01:17:46]} {[%emt 00:00:57]} Qd8 {[%clk 01:25:27]}
{[%emt 00:01:11]} 12. Nc4 {[%clk 01:16:24]} {[%emt 00:01:53]} Qc7 {[%clk
01:20:57]} {[%emt 00:04:59]} 13. Ne5 {[%clk 01:12:57]} {[%emt 00:03:57]} Bd6
{[%clk 01:11:10]} {[%emt 00:10:17]} 14. Bf4 {[%clk 01:01:10]} {[%emt 00:12:17]}
Rb8 {[%clk 01:00:30]} {[%emt 00:11:09]} 15. Rc1 {[%clk 01:00:47]} {[%emt
00:00:53]} Qe7 {[%clk 01:00:47]} {[%emt 00:00:13]} 16. Bg5 {[%clk 00:47:17]}
{[%emt 00:14:00]} h6 {[%clk 00:50:44]} {[%emt 00:10:34]} 17. Bh4 {[%clk
00:47:19]} {[%emt 00:00:27]} Bd7 {[%clk 00:42:07]} {[%emt 00:09:08]} 18. Re1
{[%clk 00:46:35]} {[%emt 00:01:14]} g5 {[%clk 00:38:46]} {[%emt 00:03:51]} 19.
Bg3 {[%clk 00:46:55]} {[%emt 00:00:10]} h5 {[%clk 00:38:29]} {[%emt 00:00:47]}
20. d5 {[%clk 00:45:49]} {[%emt 00:01:35]} Bb4 {[%clk 00:37:35]} {[%emt
00:01:24]} 21. Nxd7 {[%clk 00:45:29]} {[%emt 00:00:50]} Qxd7 {[%clk 00:36:29]}
{[%emt 00:01:36]} 22. Bxb8 {[%clk 00:45:03]} {[%emt 00:00:56]} Bxe1 {[%clk
00:35:03]} {[%emt 00:01:56]} 23. Qxe1 {[%clk 00:45:11]} {[%emt 00:00:22]} O-O
{[%clk 00:33:59]} {[%emt 00:01:34]} 24. dxe6 {[%clk 00:45:15]} {[%emt
00:00:27]} fxe6 {[%clk 00:32:26]} {[%emt 00:02:02]} 25. Rd1 {[%clk 00:43:12]}
{[%emt 00:02:34]} Qa4 {[%clk 00:31:08]} {[%emt 00:01:46]} 26. Qxe6 {[%clk
00:43:11]} {[%emt 00:00:32]} Kg7 {[%clk 00:28:31]} {[%emt 00:03:07]} 27. Be5
{[%clk 00:43:16]} {[%emt 00:00:25]} Qc2 {[%clk 00:27:35]} {[%emt 00:01:26]} 28.
Bxf6 {[%clk 00:43:26]} {[%emt 00:00:21]} Rxf6 {[%clk 00:27:52]} {[%emt
00:00:12]} 29. Rd7 {[%clk 00:43:50]} {[%emt 00:00:06]} Kg6 {[%clk 00:26:57]}
{[%emt 00:01:25]} 30. Bxh5 {[%clk 00:44:08]} {[%emt 00:00:13]} Kh6 {[%clk
00:26:13]} {[%emt 00:01:14]} 31. Qxf6 {[%clk 00:44:27]} {[%emt 00:00:12]} Kxh5
{[%clk 00:26:28]} {[%emt 00:00:13]} 32. Qh8 {[%clk 00:43:15]} {[%emt 00:01:42]}
Kg4 {[%clk 00:26:37]} {[%emt 00:00:21]} 33. Qh3 {[%clk 00:43:17]} {[%emt
00:00:28]} Kf4 {[%clk 00:26:57]} {[%emt 00:00:10]} 34. Qe3 {[%clk 00:43:34]}
{[%emt 00:00:12]} Kg4 {[%clk 00:26:09]} {[%emt 00:01:19]} 35. Qf3 {[%clk
00:43:59]} {[%emt 00:00:05]} Kh4 {[%clk 00:26:35]} {[%emt 00:00:04]} 36. Qh3#
{[%clk 00:44:18]} {[%emt 00:00:10]} 1-0

[Event "DVM U14 2022"]
[Site "Kelheim GER"]
[Date "2022.12.27"]
[Round "2"]
[White "Moldovan, Stela"]
[Black "Espig, Nils"]
[Result "0-1"]
[Termination "normal"]
[Board "4.2"]
[WhiteElo "1271"]
[BlackElo "1608"]
[WhiteClock "01:13:38"]
[BlackClock "00:34:56"]
[WhiteTeam "SG Königskinder Hohentübingen e.V."]
[BlackTeam "USV TU Dresden"]
[PlyCount "60"]
[WhiteFideId "16287380"]
[BlackFideId "16236980"]
[EventCountry "GER"]
[EventRounds "7"]
[EventType "team-swiss"]
[EventDate "2022.12.26"]

1. d4 {[%clk 01:30:54]} {[%emt 00:00:06]} d5 {[%clk 01:30:53]} {[%emt
00:00:07]} 2. Nf3 {[%clk 01:31:16]} {[%emt 00:00:09]} e6 {[%clk 01:31:12]}
{[%emt 00:00:10]} 3. e3 {[%clk 01:31:41]} {[%emt 00:00:06]} c5 {[%clk
01:31:24]} {[%emt 00:00:18]} 4. b3 {[%emt 00:00:07]} Nf6 {[%clk 01:31:23]}
{[%emt 00:00:29]} 5. Bb2 {[%clk 01:32:27]} {[%emt 00:00:08]} Nc6 {[%clk
01:30:38]} {[%emt 00:01:15]} 6. Nbd2 {[%clk 01:30:30]} {[%emt 00:02:27]} Bd6
{[%clk 01:30:21]} {[%emt 00:00:47]} 7. Bd3 {[%clk 01:30:52]} {[%emt 00:00:09]}
O-O {[%clk 01:28:39]} {[%emt 00:02:11]} 8. Ne5 {[%clk 01:29:20]} {[%emt
00:02:03]} Nb4 {[%clk 01:26:34]} {[%emt 00:02:35]} 9. Be2 {[%clk 01:29:37]}
{[%emt 00:00:13]} cxd4 {[%clk 01:26:09]} {[%emt 00:00:55]} 10. exd4 {[%clk
01:29:57]} {[%emt 00:00:10]} Qc7 {[%clk 01:25:04]} {[%emt 00:01:34]} 11. c3
{[%clk 01:30:13]} {[%emt 00:00:14]} Nc6 {[%clk 01:22:51]} {[%emt 00:02:44]} 12.
f4 {[%clk 01:30:35]} {[%emt 00:00:07]} Ne4 {[%clk 01:18:08]} {[%emt 00:05:12]}
13. O-O {[%clk 01:28:19]} {[%emt 00:02:47]} f6 {[%clk 01:11:48]} {[%emt
00:06:50]} 14. Nxe4 {[%clk 01:28:29]} {[%emt 00:00:21]} dxe4 {[%clk 01:11:38]}
{[%emt 00:00:40]} 15. Nxc6 {[%clk 01:28:44]} {[%emt 00:00:15]} Qxc6 {[%clk
01:10:57]} {[%emt 00:01:09]} 16. Bc4 {[%clk 01:28:52]} {[%emt 00:00:21]} b5
{[%clk 01:10:04]} {[%emt 00:01:26]} 17. Be2 {[%clk 01:28:35]} {[%emt 00:00:47]}
f5 {[%clk 01:04:55]} {[%emt 00:05:38]} 18. Rc1 {[%clk 01:27:44]} {[%emt
00:01:22]} Bb7 {[%clk 01:03:55]} {[%emt 00:01:30]} 19. c4 {[%clk 01:27:45]}
{[%emt 00:00:29]} bxc4 {[%clk 01:02:57]} {[%emt 00:01:27]} 20. Bxc4 {[%clk
01:27:06]} {[%emt 00:01:09]} Qd7 {[%clk 01:02:08]} {[%emt 00:01:19]} 21. Rc3
{[%clk 01:23:43]} {[%emt 00:03:53]} Bd5 {[%clk 00:59:22]} {[%emt 00:03:17]} 22.
Rg3 {[%clk 01:17:37]} {[%emt 00:06:33]} Qc7 {[%clk 00:55:18]} {[%emt 00:04:36]}
23. Qd2 {[%clk 01:15:11]} {[%emt 00:02:56]} Bxc4 {[%clk 00:50:30]} {[%emt
00:05:18]} 24. bxc4 {[%clk 01:15:31]} {[%emt 00:00:11]} Qxc4 {[%clk 00:43:00]}
{[%emt 00:07:59]} 25. Rc1 {[%clk 01:14:20]} {[%emt 00:01:41]} Qd5 {[%clk
00:41:36]} {[%emt 00:01:53]} 26. Qe2 {[%clk 01:13:25]} {[%emt 00:01:25]} Bxf4
{[%clk 00:36:35]} {[%emt 00:05:32]} 27. Rc5 {[%clk 01:13:47]} {[%emt 00:00:08]}
Qxa2 {[%clk 00:35:21]} {[%emt 00:01:44]} 28. Rh3 {[%clk 01:13:16]} {[%emt
00:00:58]} Qb1 {[%clk 00:34:42]} {[%emt 00:01:11]} 29. Kf2 {[%clk 01:13:34]}
{[%emt 00:00:13]} e3 {[%clk 00:34:48]} {[%emt 00:00:24]} 30. Kf3 {[%clk
01:13:38]} {[%emt 00:00:26]} Qe4# {[%clk 00:34:56]} {[%emt 00:00:21]} 0-1